The CIC scope of services handbook (Record no. 113126)

MARC details
000 -LEADER
fixed length control field 00680cam a22002055a 4500
001 - CONTROL NUMBER
control field L154749
008 - FIXED-LENGTH DATA ELEMENTS--GENERAL INFORMATION
fixed length control field 080306s2007 xxk f 000 0 eng d
020 ## - INTERNATIONAL STANDARD BOOK NUMBER
International Standard Book Number 9781859462638
035 ## - SYSTEM CONTROL NUMBER
System control number (Sirsi) u154749
041 0# - LANGUAGE CODE
Language code of text/sound track or separate title eng
050 04 - LIBRARY OF CONGRESS CALL NUMBER
Classification number 690 $2 18
110 2# - MAIN ENTRY--CORPORATE NAME
Corporate name or jurisdiction name as entry element Construction Industry Council
9 (RLIN) 2417
245 04 - TITLE STATEMENT
Title The CIC scope of services handbook
260 ## - PUBLICATION, DISTRIBUTION, ETC.
Place of publication, distribution, etc. London
Name of publisher, distributor, etc. CIC
Date of publication, distribution, etc. 2007
300 ## - PHYSICAL DESCRIPTION
Extent 25p.
Dimensions 30cm.
520 ## - SUMMARY, ETC.
Summary, etc. Provides guidance on the CIC scopes of service for those involved in the definition process on large construction projects (see L142761 for the Scope of Services).
651 #4 - SUBJECT ADDED ENTRY--GEOGRAPHIC NAME
Geographic name United Kingdom
Chronological subdivision
690 ## - LOCAL SUBJECT ADDED ENTRY--TOPICAL TERM (OCLC, RLIN)
Topical term or geographic name as entry element Construction management
9 (RLIN) 6230
942 ## - ADDED ENTRY ELEMENTS (KOHA)
Suppress in OPAC 0
Holdings
Withdrawn status Lost status Source of classification or shelving scheme Damaged status Not for loan Home library Current library Shelving location Date acquired Total Checkouts Full call number Barcode Date last seen Copy number Price effective from Koha item type
    Dewey Decimal Classification     London London Folio 17/01/2012   F690 CON 30077132 06/08/2019 1 06/08/2019 Book